000 00838nam a22002057a 4500
999 _c7249
_d7249
003 AR-CdUCM
008 190320b ||||| |||| 00| 0 spa d
040 _aMUNICIPALIDAD PROVINCIAL DEL CUSCO
_cBIBLIOTECA MUNICIPAL DEL CUSCO
082 _a574.87 /
_bR64
100 _aRobertis, Eduardo D.P. De
_920430
245 _aBiología celular /
260 _aBuenos Aires :
_bEdit. El Ateneo,
_c1971.
300 _a591 paginas ;
_bIlustraciones,diagramas,
_c23 cm.
505 _aContenido :Historia y concepto de biología celular --Estructura general de la célula --Componentes moleculares de la célula --Métodos de estudio de la célula --Bases estructurales de la célula ...
650 _aCitología
_918925
700 _aNowinski, Wiktor W
_920431
700 _aSáez, Francisco Alberto
_920432
942 _2ddc
_cLIBROS
945 _arjall